00891cam a22002413a 450000100060000000300060000600500170001200800410002904000150007004200070008505000110009210000180010324502140012126000290033550600300036451600200039465300570041465300350047165300300050665300420053683000290057885600420060731921PGUSA20140828083706.0100408s2010||||xxu|||||s|||||000 | eng d aPGUSAbeng adc 4aF850.51 aMcKee, Lanier14aThe Land of Nome :bA narrative sketch of the rush to our Bering Sea gold-fields, the country, its mines and its people, and the history of a great conspiracy (1900-1901)h[electronic resource] /cLanier McKee bProject Gutenberg,c2010 aPublic domain in the USA. aElectronic text aNome, Cape (Alaska : Cape) -- Description and travel aMcKenzie, Alexander, 1851-1922 aAlaska Gold Mines Company aNome, Cape (Alaska : Cape) -- History 0aProject Gutenbergv3192140uhttp://www.gutenberg.org/ebooks/31921